000 00643pam a2200217 a 4500
001 4432895
005 20180312043541.0
008 940512s1994 maua 001 0 eng
010 _a 94019203
020 _a0201808412
040 _aDLC
_cDLC
_dDLC
041 _aeng
080 _a512.9 geo
082 0 0 _a512.9 geo
_220
100 _a36
101 _amat
245 0 0 _aIntermediate algebra :
_cFranklin Demana ... [et al.].
906 _a7
_bcbc
_corignew
_d1
_eocip
_f19
_gy-gencatlg
942 _2ddc
_cBK
999 _c44662
_d44662